आद्य शंकराचार्य (Record no. 407130)

MARC details
000 -LEADER
fixed length control field 00468nam a2200145Ia 4500
008 - FIXED-LENGTH DATA ELEMENTS--GENERAL INFORMATION
fixed length control field 100122s9999 xx 000 0 und d
082 ## - DEWEY DECIMAL CLASSIFICATION NUMBER
Item number 17373
Classification number 922.945
100 ## - MAIN ENTRY--PERSONAL NAME
Personal name करंदीकर ज गं
245 ## - TITLE STATEMENT
Title आद्य शंकराचार्य
260 ## - PUBLICATION, DISTRIBUTION, ETC. (IMPRINT)
Name of publisher, distributor, etc सरोज प्रकाशन
Date of publication, distribution, etc 1970
300 ## - PHYSICAL DESCRIPTION
Extent 103
630 ## - SUBJECT ADDED ENTRY--UNIFORM TITLE
Uniform title आद्य शंकराचार्य
730 ## - ADDED ENTRY--UNIFORM TITLE
Uniform title आद्य शंकराचार्य
942 ## - ADDED ENTRY ELEMENTS (KOHA)
Koha item type Book

No items available.